Lanean...
Forest nursery handbook
| Egile nagusia: | |
|---|---|
| Formatua: | Printed Book |
| Hizkuntza: | Undetermined |
| LEADER | 00497nam a2200169Ia 4500 | ||
|---|---|---|---|
| 008 | 141004s9999 xx 000 0 und d | ||
| 040 | |c a | ||
| 041 | |a English | ||
| 082 | |a 634.9564 | ||
| 082 | |b FO | ||
| 100 | |a C.D Katoch | ||
| 245 | |a Forest nursery handbook | ||
| 245 | |c C.D Katoch | ||
| 501 | |a 6B1 | ||
| 942 | |c BK | ||
| 999 | |c 173256 |d 173256 | ||
| 952 | |0 0 |1 0 |4 0 |6 634_956400000000000_FO |7 0 |9 178385 |a KAUCOF |b KAUCOF |l 1 |o 634.9564 FO |p KAU_COF-3692 |r 2015-09-03 |s 2015-08-01 |w 2014-10-04 |y BK | ||